Nähe des Fremden. Über europäische Kultur
| 1. VerfasserIn: | |
|---|---|
| Medienart: | Druck Aufsatz |
| Sprache: | Deutsch |
| Veröffentlicht: |
1995
|
| In: |
Universitas. [Deutsche Ausgabe]
Jahr: 1995, Band: 50, Heft: 12, Seiten: 1146-1157 |
| Bestand in Tübingen: | In Tübingen vorhanden. IFK: 8291 |
| Verfügbarkeit prüfen: | HBZ Gateway |
| Schlagwörter: |
MARC
| LEADER | 00000caa a2200000 c 4500 | ||
|---|---|---|---|
| 001 | 1639364315 | ||
| 003 | DE-627 | ||
| 005 | 20241129174706.0 | ||
| 007 | tu | ||
| 008 | 160223s1995 xx ||||| 00| ||ger c | ||
| 035 | |a (DE-627)1639364315 | ||
| 035 | |a (DE-576)455846480 | ||
| 035 | |a (DE-599)BSZ455846480 | ||
| 040 | |a DE-627 |b ger |c DE-627 |e rakwb | ||
| 041 | |a ger | ||
| 100 | 1 | |a Rudolph, Enno |4 aut | |
| 245 | 1 | 0 | |a Nähe des Fremden. Über europäische Kultur |c Enno Rudolph |
| 264 | 1 | |c 1995 | |
| 336 | |a Text |b txt |2 rdacontent | ||
| 337 | |a ohne Hilfsmittel zu benutzen |b n |2 rdamedia | ||
| 338 | |a Band |b nc |2 rdacarrier | ||
| 650 | 0 | 7 | |0 (DE-588)4033542-2 |0 (DE-627)10625670X |0 (DE-576)20900259X |a Kulturelle Identität |2 gnd |
| 650 | 4 | |a Identität | |
| 650 | 4 | |a Europa | |
| 650 | 4 | |a Identity | |
| 650 | 4 | |a Europe | |
| 651 | 7 | |0 (DE-588)4015701-5 |0 (DE-627)104289007 |0 (DE-576)208913092 |a Europa |2 gnd | |
| 773 | 0 | 8 | |i In |t Universitas. [Deutsche Ausgabe] |d Heidelberg : Heidelberger Lese-Zeiten-Verl., 1946 |g Jg. 50. (1995). H. 12, S. 1146-1157. |w (DE-627)129478806 |w (DE-600)203995-3 |w (DE-576)01486021X |x 0041-9079 |7 nnas |
| 773 | 1 | 8 | |g volume:50 |g year:1995 |g number:12 |g pages:1146-1157 |
| 889 | |w (DE-627)340449268 | ||
| 935 | |a mkri | ||
| 935 | |i mdedup | ||
| 951 | |a AR | ||
| ELC | |b 1 | ||
| LOK | |0 000 xxxxxcx a22 zn 4500 | ||
| LOK | |0 001 3299885243 | ||
| LOK | |0 003 DE-627 | ||
| LOK | |0 004 1639364315 | ||
| LOK | |0 005 20160223095306 | ||
| LOK | |0 008 160208||||||||||||||||ger||||||| | ||
| LOK | |0 040 |a DE-21-110 |c DE-627 |d DE-21-110 | ||
| LOK | |0 689 |a s |a Ausländerintegration | ||
| LOK | |0 689 |a s |a Überwindung | ||
| LOK | |0 689 |a s |a Fremdenfurcht | ||
| LOK | |0 852 |a DE-21-110 | ||
| LOK | |0 852 1 |c 8291 |m p |9 00 | ||
| LOK | |0 935 |a k110 | ||
| LOK | |0 938 |k p | ||
| LOK | |0 939 |a 08-02-16 |b l01 | ||
| ORI | |a SA-MARC-krimdoka001.raw | ||
| SIG | |a IFK: 8291 | ||
